[Event "GRE-chT Online Rapid op 1st"]
[White "Kalitsis, Nikolaos"]
[Black "Siempos, Konstantinos"]
[Site "Tornelo INT"]
[Round "7.11"]
[Result "0-1"]
[Date "2021.02.21"]
[WhiteElo "2034"]
[BlackElo "1886"]
[PlyCount "84"]
[EventDate "2021.02.20"]
[EventType "team-swiss (rapid)"]
[EventRounds "9"]
[EventCountry "GRE"]
[SourceTitle "EXT 2023"]
[Source "ChessBase"]
[SourceDate "2022.10.05"]
[SourceVersion "1"]
[SourceVersionDate "2022.10.05"]
[SourceQuality "1"]

1. e4 c5 2. Nf3 e6 3. d4 cxd4 4. Nxd4 Nf6 5. Nc3 Nc6 6. a3 d5 7. Bb5 Bd7 8. exd5 exd5 9. 0-0 Be7 10. Bg5 0-0 11. Re1 h6 12. Bh4 Re8 13. Qd3 Nxd4 14. Bxd7 Qxd7 15. Qxd4 Qc6 16. Rad1 Bc5 17. Qd3 Bb6 18. h3 Rxe1+ 19. Rxe1 Re8 20. Rd1 g5 21. Bg3 Ne4 22. Nxd5 Nxg3 23. Qxg3 Qxc2 24. Nf6+ Kh8 25. Nxe8 Qxd1+ 26. Kh2 Qe1 27. Qc3+ Qxc3 28. bxc3 Bxf2 29. Nd6 Bc5 30. Nxf7+ Kg7 31. Nd8 Bd6+ 32. g3 b5 33. Nc6 a6 34. Nb4 a5 35. Nc2 Be5 36. a4 bxa4 37. c4 Kf6 38. Kg2 Bd6 39. Kf3 a3 40. g4 a2 41. Ke4 Be5 42. c5 a1Q 0-1

[Event "GRE-chT Online Rapid op 1st"]
[White "Kalitsis, Nikolaos"]
[Black "Chalkias, Michail Panagiotis"]
[Site "Tornelo INT"]
[Round "4.20"]
[Result "1-0"]
[Date "2021.02.20"]
[WhiteElo "2034"]
[BlackElo "1206"]
[PlyCount "113"]
[EventDate "2021.02.20"]
[EventType "team-swiss (rapid)"]
[EventRounds "9"]
[EventCountry "GRE"]
[SourceTitle "EXT 2023"]
[Source "ChessBase"]
[SourceDate "2022.10.05"]
[SourceVersion "1"]
[SourceVersionDate "2022.10.05"]
[SourceQuality "1"]

1. e4 c5 2. Nf3 e6 3. d4 cxd4 4. Nxd4 Nf6 5. Nc3 Nc6 6. a3 Be7 7. Be3 0-0 8. Bc4 Nxe4 9. Nxe4 d5 10. Bd3 dxe4 11. Bxe4 Nxd4 12. Bxd4 Bf6 13. Qh5 g6 14. Bxf6 Qxf6 15. Qb5 Rd8 16. 0-0 Qe7 17. Rfd1 Rb8 18. Qa5 b6 19. Rxd8+ Qxd8 20. Qxa7 Qd6 21. Qa4 Bb7 22. Bxb7 Rxb7 23. Qa8+ Rb8 24. Qe4 Rd8 25. Qe2 Kg7 26. g3 Qc6 27. c4 Rc8 28. Rc1 Qc5 29. b4 Qd4 30. Qc2 Ra8 31. a4 Rc8 32. h4 Qd6 33. Qc3+ Kg8 34. c5 bxc5 35. bxc5 Qc6 36. Qb4 Ra8 37. Qb5 Qc7 38. c6 Rb8 39. Qa6 Rb6 40. Qa5 Kf8 41. Qc5+ Ke8 42. h5 Ra6 43. Rc4 gxh5 44. Kg2 h6 45. Kh3 f6 46. Qxh5+ Ke7 47. Qxh6 Rxc6 48. Qg7+ Kd6 49. Qxc7+ Rxc7 50. Rxc7 Kxc7 51. Kg4 Kb6 52. Kh5 Ka5 53. Kg6 Kxa4 54. Kxf6 Kb5 55. Kxe6 Kc6 56. g4 Kc7 57. Ke7 1-0

[Event "GRE-chT Online Rapid op 1st"]
[White "Kalitsis, Nikolaos"]
[Black "Doudoulakakis, Athanasios"]
[Site "Tornelo INT"]
[Round "3.14"]
[Result "1-0"]
[Date "2021.02.20"]
[WhiteElo "2034"]
[BlackElo "1613"]
[PlyCount "105"]
[EventDate "2021.02.20"]
[EventType "team-swiss (rapid)"]
[EventRounds "9"]
[EventCountry "GRE"]
[SourceTitle "EXT 2023"]
[Source "ChessBase"]
[SourceDate "2022.10.05"]
[SourceVersion "1"]
[SourceVersionDate "2022.10.05"]
[SourceQuality "1"]

1. e4 e5 2. Nf3 Nc6 3. Bc4 Bc5 4. d3 h6 5. Be3 Bxe3 6. fxe3 d6 7. 0-0 Nf6 8. Nbd2 Na5 9. Bb3 Nxb3 10. axb3 0-0 11. Qe1 Re8 12. Nh4 d5 13. Nf5 dxe4 14. dxe4 Bxf5 15. Rxf5 Qd7 16. Nc4 Nxe4 17. Rxe5 Rxe5 18. Nxe5 Qf5 19. Nd3 a6 20. Qe2 Re8 21. Qf3 Qg5 22. Re1 Nd6 23. e4 Qd2 24. e5 Nb5 25. Qe2 Qxe2 26. Rxe2 Nd4 27. Rd2 b6 28. Kf2 g5 29. Nb4 c5 30. Nxa6 Rxe5 31. b4 Rf5+ 32. Kg3 Ne6 33. bxc5 bxc5 34. c3 Re5 35. Kf3 f5 36. b4 g4+ 37. Kf2 Kf7 38. Re2 Rd5 39. Rxe6 Kxe6 40. Nc7+ Kd6 41. Nxd5 Kxd5 42. bxc5 Kxc5 43. Ke3 Kc4 44. Kf4 Kxc3 45. Kxf5 h5 46. Kg5 g3 47. hxg3 Kd4 48. Kxh5 Ke5 49. Kg6 Ke6 50. g4 Ke7 51. Kg7 Ke8 52. g5 Ke7 53. g6 1-0

[Event "BCF-chT4S 1920 (4NCL)"]
[White "Kalitsis, Nikolaos"]
[Black "Rogacewicz, Mikolaj"]
[Site "England"]
[Round "6.12"]
[Result "0-1"]
[Date "2020.02.09"]
[WhiteElo "2049"]
[BlackElo "2057"]
[PlyCount "67"]
[EventDate "2019.11.09"]
[EventType "team-swiss"]
[EventRounds "11"]
[EventCountry "ENG"]
[SourceTitle "EXT 2022"]
[Source "ChessBase"]
[SourceDate "2021.10.06"]
[SourceVersion "1"]
[SourceVersionDate "2021.10.06"]
[SourceQuality "1"]
[WhiteTeam "CSC II"]
[BlackTeam "Sussex Martlets II"]
[WhiteTeamCountry "ENG"]
[BlackTeamCountry "ENG"]

1. e4 e6 2. d4 d5 3. exd5 exd5 4. c4 Bb4+ 5. Nc3 Nf6 6. Bd3 0-0 7. Nf3 Re8+ 8. Be3 Be6 9. c5 Bg4 10. 0-0 b6 11. a3 Bxc3 12. bxc3 Nbd7 13. cxb6 axb6 14. Bg5 Qe7 15. a4 Qd6 16. Bh4 Ra7 17. Bc2 Rea8 18. Qd3 g6 19. Bg3 Qc6 20. Qe3 Bxf3 21. gxf3 Ne8 22. Ra3 Nd6 23. Bxd6 Qxd6 24. Rfa1 Nf6 25. Qg5 Nh5 26. Qe5 Qxe5 27. dxe5 Re8 28. Re1 c6 29. c4 dxc4 30. Re4 b5 31. Rae3 Ng7 32. axb5 cxb5 33. h4 Rd8 34. h5 0-1

[Event "BCF-chT3S 1819 (4NCL) Promotion pool"]
[White "Kalitsis, Nikolaos"]
[Black "Ruthen, Stephen W"]
[Site "England"]
[Round "8.42"]
[Result "1-0"]
[Date "2019.04.14"]
[WhiteElo "2046"]
[BlackElo "2014"]
[PlyCount "93"]
[EventDate "2019.04.14"]
[EventType "team-tourn"]
[EventRounds "11"]
[EventCountry "ENG"]
[SourceTitle "EXT 2021"]
[Source "ChessBase"]
[SourceDate "2020.10.23"]
[SourceVersion "1"]
[SourceVersionDate "2020.10.23"]
[SourceQuality "1"]
[WhiteTeam "CSC Dragons"]
[BlackTeam "Iceni"]
[WhiteTeamCountry "ENG"]
[BlackTeamCountry "ENG"]

1. e4 e5 2. b3 Nf6 3. Bb2 Nc6 4. Nf3 Bc5 5. Nxe5 d5 6. Nxc6 bxc6 7. d4 Bb4+ 8. c3 Be7 9. e5 Ne4 10. Bd3 0-0 11. 0-0 f6 12. f3 Ng5 13. f4 Ne4 14. Bxe4 dxe4 15. Qe2 fxe5 16. fxe5 Rxf1+ 17. Kxf1 Qf8+ 18. Kg1 Qf4 19. g3 Bg4 20. gxf4 Bxe2 21. Kf2 Bd3 22. Ke3 Rf8 23. Nd2 g5 24. Rg1 h6 25. Nxe4 Bxe4 26. Kxe4 Rxf4+ 27. Ke3 Rh4 28. Rg2 Kf7 29. c4 Ke6 30. Rd2 Kf5 31. Kf3 g4+ 32. Kg2 Bg5 33. Rf2+ Bf4 34. Kg1 Ke4 35. Rxf4+ Kxf4 36. e6 g3 37. e7 Rxh2 38. Bc1+ Kf3 39. e8Q Rg2+ 40. Kf1 Rh2 41. Qe3+ Kg4 42. Qf4+ Kh3 43. Qxh6+ Kg4 44. Qf4+ Kh3 45. Qf5+ Kh4 46. Bg5+ Kh5 47. Bf6+ 1-0

[Event "BCF-chT4S 1718 (4NCL)"]
[White "Kalitsis, Nikolaos"]
[Black "Foster, Timothy"]
[Site "England"]
[Round "5.11"]
[Result "1-0"]
[Date "2018.02.10"]
[WhiteElo "2031"]
[BlackElo "1895"]
[PlyCount "79"]
[EventDate "2017.11.11"]
[EventType "team-swiss"]
[EventRounds "11"]
[EventCountry "ENG"]
[SourceTitle "EXT 2020"]
[Source "ChessBase"]
[SourceDate "2019.10.17"]
[SourceVersion "1"]
[SourceVersionDate "2019.10.17"]
[SourceQuality "1"]
[WhiteTeam "CSC Dragons II"]
[BlackTeam "Oxford III"]
[WhiteTeamCountry "ENG"]
[BlackTeamCountry "ENG"]

1. e4 c5 2. Nf3 d6 3. d4 cxd4 4. Nxd4 Nf6 5. Nc3 g6 6. Be3 Bg7 7. f3 Nc6 8. Qd2 0-0 9. g4 Be6 10. 0-0-0 Nxd4 11. Bxd4 Qa5 12. Kb1 Rfc8 13. a3 Rab8 14. h4 Bc4 15. h5 b5 16. hxg6 hxg6 17. g5 Nh5 18. Bxg7 Kxg7 19. Bh3 Be6 20. f4 Bxh3 21. Rxh3 Qc7 22. Nd5 Qc4 23. Nxe7 Re8 24. Rxh5 gxh5 25. Nf5+ Kg6 26. Nxd6 Qc5 27. f5+ Kg7 28. Nxe8+ Rxe8 29. Re1 Qe5 30. Qe2 h4 31. Qg4 Qg3 32. f6+ Kg6 33. Qf5+ Kh5 34. g6+ Kh6 35. Rh1 fxg6 36. Qd5 g5 37. f7 Rf8 38. e5 Kg7 39. e6 Kf6 40. Rf1+ 1-0

[Event "BCF-chT3Sb 1718 (4NCL)"]
[White "Kennedy, Craig"]
[Black "Kalitsis, Nikolaos"]
[Site "England"]
[Round "4.56"]
[Result "1/2-1/2"]
[Date "2018.01.14"]
[WhiteElo "1885"]
[BlackElo "2047"]
[PlyCount "59"]
[EventDate "2017.11.11"]
[EventType "team-tourn"]
[EventRounds "11"]
[EventCountry "ENG"]
[SourceTitle "EXT 2020"]
[Source "ChessBase"]
[SourceDate "2019.10.17"]
[SourceVersion "1"]
[SourceVersionDate "2019.10.17"]
[SourceQuality "1"]
[WhiteTeam "The Rookies"]
[BlackTeam "CSC Dragons"]
[WhiteTeamCountry "ENG"]
[BlackTeamCountry "ENG"]

1. d4 e6 2. e4 d5 3. e5 c5 4. c3 Nc6 5. Be3 Nge7 6. Nf3 cxd4 7. cxd4 Bd7 8. Nc3 Ng6 9. h4 h6 10. h5 Nge7 11. Bd3 Nb4 12. Bb1 a6 13. a3 Nbc6 14. Bd3 b5 15. b4 Nc8 16. 0-0 Nb6 17. Nd2 Qc7 18. Rc1 Nc4 19. Bxc4 bxc4 20. f4 Na7 21. f5 a5 22. fxe6 fxe6 23. Qf3 0-0-0 24. Nxd5 exd5 25. Qxd5 Bb5 26. Qe6+ Kb8 27. Nxc4 Re8 28. Qd5 Rd8 29. Qe6 Re8 30. Qd5 1/2-1/2

[Event "BCF-chT3Sb 1718 (4NCL)"]
[White "Kalitsis, Nikolaos"]
[Black "Habershon, Paul F"]
[Site "England"]
[Round "3.56"]
[Result "0-1"]
[Date "2018.01.13"]
[WhiteElo "2047"]
[BlackElo "1999"]
[PlyCount "78"]
[EventDate "2017.11.11"]
[EventType "team-tourn"]
[EventRounds "11"]
[EventCountry "ENG"]
[SourceTitle "EXT 2020"]
[Source "ChessBase"]
[SourceDate "2019.10.17"]
[SourceVersion "1"]
[SourceVersionDate "2019.10.17"]
[SourceQuality "1"]
[WhiteTeam "CSC Dragons"]
[BlackTeam "MK Phoenix"]
[WhiteTeamCountry "ENG"]
[BlackTeamCountry "ENG"]

1. e4 Nf6 2. e5 Nd5 3. c4 Nb6 4. d4 d6 5. exd6 exd6 6. Bd3 Be7 7. h3 Nc6 8. Nf3 Nb4 9. d5 Nxd3+ 10. Qxd3 0-0 11. Nc3 Re8 12. Be3 Bd7 13. a4 Bg5 14. a5 Bxe3 15. fxe3 Nc8 16. 0-0 Qf6 17. e4 Ne7 18. Nd4 Qe5 19. Rf2 a6 20. Raf1 Rf8 21. g4 c5 22. Nf5 Rae8 23. Ng3 Ng6 24. Nf5 Ne7 25. Qf3 Nxf5 26. exf5 Qd4 27. Qf4 Re3 28. Kg2 Qe5 29. Qxe5 Rxe5 30. Rf3 Rb8 31. f6 g5 32. R3f2 h6 33. Kf3 b6 34. Ra1 b5 35. Ne4 bxc4 36. Nxd6 Rb3+ 37. Kg2 Rxd5 38. Nxc4 Bc6 39. Kh2 Rdd3 0-1

[Event "Athens Smaok op 11th"]
[White "Papadimitriou, Loukas"]
[Black "Kalitsis, Nikolaos"]
[Site "Athens"]
[Round "6"]
[Result "0-1"]
[Date "2011.06.21"]
[WhiteElo "2105"]
[BlackElo "2012"]
[PlyCount "80"]
[EventDate "2011.05.10"]
[EventType "swiss"]
[EventRounds "7"]
[EventCountry "GRE"]
[SourceTitle "EXT 2024"]
[Source "ChessBase"]
[SourceDate "2023.10.10"]
[SourceVersion "1"]
[SourceVersionDate "2023.10.10"]
[SourceQuality "1"]

1. d4 Nf6 2. c4 e6 3. g3 Bb4+ 4. Bd2 Qe7 5. Bg2 Nc6 6. Nf3 Bxd2+ 7. Nbxd2 d6 8. 0-0 a5 9. Rc1 e5 10. e3 0-0 11. h3 h6 12. Kh2 Nh7 13. d5 Nb8 14. c5 Na6 15. cxd6 cxd6 16. Nc4 Nc5 17. Ncxe5 Bf5 18. Nc4 b5 19. Na3 b4 20. Nc2 Nf6 21. Ncd4 Be4 22. Nh4 Bxg2 23. Nxg2 Qe4 24. Nf4 g5 25. Nh5 Nxd5 26. Nb5 Nd3 27. Nxd6 Qg6 28. Rc2 Rfd8 29. Nb7 Rd7 30. Rd2 Nb6 31. Qf3 Ne5 32. Nf6+ Kg7 33. Qg2 Rxd2 34. Ng4 Nxg4+ 35. hxg4 Re8 36. Nxa5 Rxb2 37. Nc6 Qe4 38. Rc1 Qxg2+ 39. Kxg2 Rc8 40. Kf3 Nd7 0-1

[Event "Athens Smaok op 10th"]
[White "Kalitsis, Nikolaos"]
[Black "Konistis, Loukas"]
[Site "Athens"]
[Round "7"]
[Result "1-0"]
[Date "2011.05.03"]
[WhiteElo "1998"]
[BlackElo "2107"]
[PlyCount "73"]
[EventDate "2011.03.15"]
[EventType "swiss"]
[EventRounds "7"]
[EventCountry "GRE"]
[SourceTitle "EXT 2024"]
[Source "ChessBase"]
[SourceDate "2023.10.10"]
[SourceVersion "1"]
[SourceVersionDate "2023.10.10"]
[SourceQuality "1"]

1. e4 c5 2. Nf3 d6 3. d4 cxd4 4. Nxd4 Nf6 5. Nc3 g6 6. Be3 Bg7 7. f3 a6 8. Qd2 Nbd7 9. g4 b5 10. h4 h5 11. g5 Nh7 12. f4 Bb7 13. Bg2 Nb6 14. b3 0-0 15. f5 Be5 16. 0-0-0 Re8 17. fxg6 fxg6 18. Nd5 Nxd5 19. exd5 Nf8 20. Rhf1 Qc8 21. Ne2 a5 22. Bd4 Bxd4 23. Nxd4 a4 24. Kb1 axb3 25. cxb3 Qc5 26. Rc1 Qb6 27. Qd3 Bc8 28. Be4 e5 29. dxe6 Nxe6 30. Nxe6 Bxe6 31. Bxg6 Qa6 32. Rf2 Rf8 33. Rcc2 Qa3 34. Bxh5 Rac8 35. Qg6+ Kh8 36. Qh6+ Kg8 37. Qxe6+ 1-0

[Event "Athens Smaok op 10th"]
[White "Kamenets, Anatolij"]
[Black "Kalitsis, Nikolaos"]
[Site "Athens"]
[Round "3"]
[Result "1-0"]
[Date "2011.03.29"]
[WhiteElo "2261"]
[BlackElo "1998"]
[PlyCount "64"]
[EventDate "2011.03.15"]
[EventType "swiss"]
[EventRounds "7"]
[EventCountry "GRE"]
[SourceTitle "EXT 2024"]
[Source "ChessBase"]
[SourceDate "2023.10.10"]
[SourceVersion "1"]
[SourceVersionDate "2023.10.10"]
[SourceQuality "1"]

1. d4 e6 2. c4 Nf6 3. g3 Bb4+ 4. Bd2 Bxd2+ 5. Qxd2 0-0 6. Nc3 d6 7. Bg2 Nc6 8. Nf3 Re8 9. 0-0 Qe7 10. e4 e5 11. d5 Nd8 12. Ne1 Ng4 13. h3 Nh6 14. g4 f6 15. f3 Nhf7 16. Nd3 b6 17. b4 a5 18. a3 Nb7 19. Nb5 Rd8 20. Rfc1 Qd7 21. Nc3 Qe7 22. Nb5 Qd7 23. Nb2 c6 24. dxc6 Qxc6 25. Nc3 Bd7 26. Nd5 Kf8 27. Qe3 axb4 28. axb4 Rxa1 29. Rxa1 b5 30. cxb5 Qxb5 31. Bf1 Qc6 32. Rc1 Nc5 1-0